|
000
|
01215nam0 2200265 450
|
|
001
|
012025000015
|
|
005
|
20231025104457.5
|
|
010
|
|
@a978-7-5722-6487-0@dCNY99.90
|
|
100
|
|
@a20231025d2023 em y0chiy50 ea
|
|
101
|
0
|
@achi
|
|
102
|
|
@aCN@b330000
|
|
105
|
|
@ay z 000yy
|
|
106
|
|
@ar
|
|
200
|
1
|
@a好公司都是设计出来的@Ahao gong si dou shi she ji chu lai de@f郑志刚著
|
|
210
|
|
@a杭州@c浙江教育出版社@d2023.9
|
|
215
|
|
@a242页@d23cm
|
|
312
|
|
@a英文并列题名取自封面
|
|
314
|
|
@a郑志刚, 中国人民大学财政金融学院金融学教授、“杰出学者”特聘教授、博士生导师。兼任中国上市公司协会第三届独立董事专业委员会委员, “中国公司治理50人论坛”成员, 北京市国有资产法治研究会副会长等。
|
|
330
|
|
@a本书选择了8个不同类型的公司案例, 对证券投资基金、传统金融机构、金融科技公司、高科技独角兽企业、混改国企和改制国企等公司治理范式和构架设计特征进行了分析, 给出了企业结合产业特性、业务模式特征以及所面临的真正问题进行灵活改变和相应调整的有效方法。
|
|
510
|
1
|
@aTradeoff the principles of corporate governance@zeng
|
|
606
|
0
|
@a企业管理@Aqi ye guan li@x研究
|
|
690
|
|
@aF272@v5
|
|
701
|
0
|
@a郑志刚@Azheng zhi gang@4著
|
|
801
|
0
|
@aCN@bCDNYKJZYXY@c20231025
|
|
905
|
|
@aCDNYKJZYXY@b300730252-53@dF272@e557@f2
|
|
|
|
|
| |
| 好公司都是设计出来的/郑志刚著.-杭州:浙江教育出版社,2023.9 |
| 242页;23cm |
| |
| |
| ISBN 978-7-5722-6487-0:CNY99.90 |
| 本书选择了8个不同类型的公司案例, 对证券投资基金、传统金融机构、金融科技公司、高科技独角兽企业、混改国企和改制国企等公司治理范式和构架设计特征进行了分析, 给出了企业结合产业特性、业务模式特征以及所面临的真正问题进行灵活改变和相应调整的有效方法。 |
| ● |
正题名:好公司都是设计出来的
索取号:F272/557
 
预约/预借
| 序号
|
登录号
|
条形码
|
馆藏地/架位号
|
状态
|
备注
|
|
1
|
730252
|
300730252
|
流通书库/
[索取号:F272/557]
|
在馆
|
|
|
2
|
730253
|
300730253
|
流通书库/
[索取号:F272/557]
|
在馆
|
|